ბათუმის შოთა რუსთაველის სახელმწიფო უნივერსიტეტის ბიბლიოთეკა

არგონავტიკა : პოემა (ბიბ.ჩანაწერი № 55011)

000 -LEADER
fixed length control field 01944nam a2200289Ia 4500
001 - CONTROL NUMBER
control field 22082
003 - CONTROL NUMBER IDENTIFIER
control field GE_BSU
008 - FIXED-LENGTH DATA ELEMENTS--GENERAL INFORMATION
fixed length control field 181216s||||||||xx |||||||||||||| ||und||
020 ## - INTERNATIONAL STANDARD BOOK NUMBER
International Standard Book Number 9789941468049
040 ## - CATALOGING SOURCE
Transcribing agency GE_BSU
080 ## - UNIVERSAL DECIMAL CLASSIFICATION NUMBER
Universal Decimal Classification number 821.124.03=353.1
100 ## - MAIN ENTRY--PERSONAL NAME
Personal name ვალერიუს ფლაკუს,გაიუს.
245 ## - TITLE STATEMENT
Title არგონავტიკა : პოემა
245 ## - TITLE STATEMENT
Statement of responsibility, etc. ლათინურიდან თარგმნა ცისანა გიგაურმა ; საკუთარ სახელთა კომენტ. საძიებელი დაურთეს ცისანა გიგაურმა და მაია დანელიამ ; რედაქტორი მაია დანელია
250 ## - EDITION STATEMENT
Edition statement ვანე ჯავახიშვილის სახ. თბილისის სახელმწ. უნ-ტი, კლასიკური ფილოლოგიის, ბიზანტინისტიკისა და ნეოგრეცისტიკის ინ-ტი.
260 ## - PUBLICATION, DISTRIBUTION, ETC.
Place of publication, distribution, etc. თბილისი
260 ## - PUBLICATION, DISTRIBUTION, ETC.
Name of publisher, distributor, etc. პროგრამა ”ლოგოსი,,
260 ## - PUBLICATION, DISTRIBUTION, ETC.
Date of publication, distribution, etc. 2016
300 ## - PHYSICAL DESCRIPTION
Extent 482 გვ. ; 20 სმ.
300 ## - PHYSICAL DESCRIPTION
Other physical details გარეკანზე: ლორენცო კოსტა, არგონავტების გემი, XVI საუკუნის I ნახევარი, პადუა, იტალია. პოემა ლათინურ ენაზე: გვ. 350-468. კომენტარები თავების ბოლოს.
300 ## - PHYSICAL DESCRIPTION
Dimensions სახელთა ინდექსი: გვ. 469-482.
653 ## - INDEX TERM--UNCONTROLLED
Uncontrolled term არგონავტიკა : პოემა
653 ## - INDEX TERM--UNCONTROLLED
Uncontrolled term ლათინური ლიტერატურა
653 ## - INDEX TERM--UNCONTROLLED
Uncontrolled term რომაელი მწერლები.
942 ## - ADDED ENTRY ELEMENTS (KOHA)
Koha item type წიგნი
ეგზემპლარები
Withdrawn status Lost status Source of classification or shelving scheme Damaged status Not for loan Permanent Location Current Location Shelving location Date acquired Cost, normal purchase price Full call number Barcode Date last seen Copy number Price effective from Koha item type Public note
          ბათუმის შოთა რუსთაველის სახელმწიფო უნივერსიტეტის მთავარი ბიბლიოთეკა ბათუმის შოთა რუსთაველის სახელმწიფო უნივერსიტეტის მთავარი ბიბლიოთეკა წიგნსაცავი 2018-12-17 9.20 821.124.03=353.1 56959 2018-12-17 56959 2018-12-17 წიგნი 9.20 ₾.
          ბათუმის შოთა რუსთაველის სახელმწიფო უნივერსიტეტის მთავარი ბიბლიოთეკა ბათუმის შოთა რუსთაველის სახელმწიფო უნივერსიტეტის მთავარი ბიბლიოთეკა წიგნსაცავი 2018-12-17 9.20 821.124.03=353.1 56960 2018-12-17 56960 2018-12-17 წიგნი 9.20 ₾.
          ბათუმის შოთა რუსთაველის სახელმწიფო უნივერსიტეტის მთავარი ბიბლიოთეკა ბათუმის შოთა რუსთაველის სახელმწიფო უნივერსიტეტის მთავარი ბიბლიოთეკა წიგნსაცავი 2018-12-17 9.20 821.124.03=353.1 56961 2018-12-17 56961 2018-12-17 წიგნი 9.20 ₾.